000 00947 a2200157 4500
020 _a1565842138
082 _a700.904
_bL765s
100 _aLippard, Lucy R.
_91349
245 _aOverley:
_bContemporary Art and the Art of prehistory
_cLucy R. Lippard
260 _aNew York
_bThe New Press, New York
_c1983
300 _a266 p. :
_bill
_c24cm
505 _tOverlay is Lucy Lippard's classic book on contemporary art and its connection to prehistoric sites and symbols. Viewed by critics, artists, art historians, and students as the essential text on how prehistoric images have been "overlayed" onto contemporary art by today's artists, Overlay is for anyone interested in the possibility of reintegrating art into the fabric of society as a whole, as in prehistoric times.
650 _acritica de arte
_varte contemporaneo, arte de la prehistorico, arte moderno
_zNew york
_91357
655 _aCritica de arte
_91358
700 _aLucy R. Lippard
_91352
999 _c292
_d292